[Event "POR-chT 52nd"]
[Site "Vila Nova de Gaia"]
[Date "2010.07.31"]
[Round "8.7"]
[White "Ferents, Andrey"]
[Black "Cruz, Jorge Filipe Egas"]
[Result "0-1"]
[WhiteElo "2216"]
[BlackElo "2114"]
[PlyCount "76"]
[EventDate "2010.07.24"]
[EventType "team-tourn"]
[EventRounds "9"]
[EventCountry "POR"]
[SourceTitle "EXT 2011"]
[Source "ChessBase"]
[SourceDate "2010.11.26"]
[SourceVersion "1"]
[SourceVersionDate "2010.11.26"]
[SourceQuality "1"]
[WhiteTeam "Ferroviarios do Barreiro"]
[BlackTeam "Montemor o Velho"]
[WhiteTeamCountry "POR"]
[BlackTeamCountry "POR"]

1. d4 d5 2. c4 e6 3. Nc3 Be7 4. Nf3 Nf6 5. Bg5 0-0 6. e3 c6 7. cxd5 exd5 8. Bd3 Nbd7 9. 0-0 Re8 10. Qc2 h6 11. Bh4 Ne4 12. Bxe7 Qxe7 13. Rab1 a6 14. Nd2 Ndf6 15. Rbe1 Bf5 16. Nf3 Nxc3 17. Qxc3 Bxd3 18. Qxd3 Rad8 19. Rb1 Ne4 20. b4 Nd6 21. Nd2 Qg5 22. Nf3 Qh5 23. Qd1 Ne4 24. Rc1 Nd6 25. Ne5 Qg5 26. a4 Re7 27. Qf3 f6 28. Nd3 Qf5 29. Qxf5 Nxf5 30. b5 axb5 31. axb5 Rc7 32. Nb4 Ne7 33. Rc2 Rdc8 34. Rfc1 Kf7 35. Kf1 Ke6 36. Ke2 Kd6 37. bxc6 Nxc6 38. Nd3 Nxd4+ 0-1

[Event "POR-chT 52nd"]
[Site "Vila Nova de Gaia"]
[Date "2010.07.27"]
[Round "4.5"]
[White "Pintor, Ariana Maciel Abran"]
[Black "Ferents, Andrey"]
[Result "0-1"]
[WhiteElo "2106"]
[BlackElo "2216"]
[PlyCount "68"]
[EventDate "2010.07.24"]
[EventType "team-tourn"]
[EventRounds "9"]
[EventCountry "POR"]
[SourceTitle "EXT 2011"]
[Source "ChessBase"]
[SourceDate "2010.11.26"]
[SourceVersion "1"]
[SourceVersionDate "2010.11.26"]
[SourceQuality "1"]
[WhiteTeam "Porto"]
[BlackTeam "Ferroviarios do Barreiro"]
[WhiteTeamCountry "POR"]
[BlackTeamCountry "POR"]

1. e4 c5 2. Nf3 e6 3. Nc3 a6 4. d4 cxd4 5. Nxd4 Qc7 6. g3 Bb4 7. Nde2 Nf6 8. Bg2 Be7 9. 0-0 Nc6 10. Bf4 d6 11. a4 0-0 12. h3 b6 13. g4 Bb7 14. Ng3 Ne5 15. g5 Nfd7 16. Bc1 Ng6 17. f4 f5 18. exf5 Bxg2 19. Kxg2 Nh4+ 20. Kh2 Nxf5 21. Nxf5 Rxf5 22. Be3 Raf8 23. Qe2 d5 24. Kg2 Qc6 25. Kg3 Bd6 26. h4 e5 27. Bd2 exf4+ 28. Kh3 Ne5 29. Qxa6 Nc4 30. Qb5 Qc8 31. Kg2 Nxd2 32. Rfd1 f3+ 33. Kf2 Bc5+ 34. Ke1 Qe6+ 0-1

[Event "POR-chT 52nd"]
[Site "Vila Nova de Gaia"]
[Date "2010.07.26"]
[Round "3.1"]
[White "Luyks, Marinus"]
[Black "Ferents, Andrey"]
[Result "1/2-1/2"]
[WhiteElo "2174"]
[BlackElo "2216"]
[PlyCount "47"]
[EventDate "2010.07.24"]
[EventType "team-tourn"]
[EventRounds "9"]
[EventCountry "POR"]
[SourceTitle "EXT 2011"]
[Source "ChessBase"]
[SourceDate "2010.11.26"]
[SourceVersion "1"]
[SourceVersionDate "2010.11.26"]
[SourceQuality "1"]
[WhiteTeam "Alekhine"]
[BlackTeam "Ferroviarios do Barreiro"]
[WhiteTeamCountry "POR"]
[BlackTeamCountry "POR"]

1. d4 d6 2. c4 c6 3. Nc3 Qc7 4. Nf3 Bg4 5. Bf4 Nd7 6. c5 Ngf6 7. cxd6 exd6 8. e3 Qa5 9. Qd2 d5 10. Bd3 Be7 11. Ne5 Bh5 12. 0-0 Nxe5 13. Bxe5 0-0 14. a3 Qd8 15. Bxf6 Bxf6 16. Rac1 Be7 17. Na4 Bg6 18. Bxg6 hxg6 19. Nc5 Rb8 20. Nd3 Bd6 21. Nc5 Be7 22. Nd3 Bd6 23. Nc5 Be7 24. Nd3 1/2-1/2

[Event "POR-ch prel"]
[Site "Lisbon"]
[Date "2007.08.17"]
[Round "7"]
[White "Coimbra, Margarida Goncalves"]
[Black "Ferents, Andrey"]
[Result "1/2-1/2"]
[WhiteElo "2087"]
[BlackElo "2255"]
[PlyCount "82"]
[EventDate "2007.08.11"]
[EventType "swiss"]
[EventRounds "9"]
[EventCountry "POR"]
[SourceTitle "EXT 2022"]
[Source "ChessBase"]
[SourceDate "2021.10.06"]
[SourceVersion "1"]
[SourceVersionDate "2021.10.06"]
[SourceQuality "1"]

1. e4 d6 2. d4 c6 3. Nc3 Qc7 4. Nf3 e5 5. dxe5 dxe5 6. Bc4 Be7 7. Ng5 Nh6 8. Qh5 0-0 9. h3 b5 10. Bb3 Nd7 11. 0-0 Nf6 12. Qe2 a5 13. a4 b4 14. Nb1 Kh8 15. Be3 Nfg8 16. Nd2 f6 17. Ne6 Bxe6 18. Bxe6 Nf7 19. Nc4 Nd6 20. Rad1 Rab8 21. Nxd6 Bxd6 22. Qa6 Ne7 23. Rd2 Rfd8 24. Rfd1 h6 25. Ba7 Ra8 26. Bb6 Qb8 27. Qxa8 Qxb6 28. Qxd8+ Qxd8 29. Rxd6 Qb6 30. Rd7 Qc5 31. Bb3 f5 32. Rb7 fxe4 33. Rdd7 Nf5 34. g4 Nd6 35. Rbc7 e3 36. Rxg7 exf2+ 37. Kf1 Nc4 38. Rh7+ Kg8 39. Rhg7+ Kf8 40. Rgf7+ Ke8 41. Rfe7+ Kf8 1/2-1/2

[Event "Lisbon Benfica"]
[Site "Lisbon"]
[Date "2003.12.02"]
[Round "8"]
[White "Oliveira, Henrique"]
[Black "Ferents, Andrey"]
[Result "1-0"]
[WhiteElo "1800"]
[BlackElo "2123"]
[PlyCount "127"]
[EventDate "2003.11.17"]
[EventType "tourn"]
[EventRounds "9"]
[EventCountry "POR"]
[SourceTitle "CBM 097 Extra"]
[Source "ChessBase"]
[SourceDate "2004.01.13"]
[SourceVersion "1"]
[SourceVersionDate "2004.01.13"]
[SourceQuality "1"]

1. Nf3 d5 2. b3 Nf6 3. Bb2 c5 4. e3 Nc6 5. Bb5 a6 6. Bxc6+ bxc6 7. Ne5 Qc7 8. f4 Bf5 9. d3 h5 10. Nd2 Ng4 11. Qe2 f6 12. Nef3 Nh6 13. e4 Bg4 14. e5 Nf5 15. exf6 Qxf4 16. Be5 Qh6 17. fxg7 Bxg7 18. Bxg7 Qxg7 19. Qe5 Qxe5+ 20. Nxe5 Ne3 21. Rc1 Nxg2+ 22. Kf2 Nf4 23. Rhe1 0-0 24. Ndf3 Rf6 25. Kg3 Raf8 26. Nxg4 hxg4 27. Kxg4 Ng2 28. Re2 Rxf3 29. Rxg2 e5 30. Re1 R8f5 31. Rxe5 R5f4+ 32. Kh5+ Kf7 33. Rge2 Rf5+ 34. Rxf5+ Rxf5+ 35. Kg4 Rf1 36. h4 Kf6 37. Rh2 Rg1+ 38. Kf3 Rf1+ 39. Ke2 Ra1 40. a4 c4 41. dxc4 dxc4 42. Rh3 Ra2 43. Kd1 Ra1+ 44. Kd2 Rg1 45. Rc3 Rg2+ 46. Ke3 Rg3+ 47. Kd2 Rg2+ 48. Kc1 Ke5 49. Rxc4 Kd5 50. Kb2 Rg3 51. Rc3 Rg6 52. Rh3 c5 53. h5 Rh6 54. Rh4 Ke5 55. Kc3 Kd5 56. Kd3 Kc6 57. Ke4 c4 58. b4 a5 59. Kf5 axb4 60. Kg5 Rxh5+ 61. Kxh5 Kc5 62. a5 b3 63. cxb3 cxb3 64. a6 1-0

[Event "Lisbon Benfica"]
[Site "Lisbon"]
[Date "2003.11.27"]
[Round "7"]
[White "Ferents, Andrey"]
[Black "Pereira, Edgar"]
[Result "1-0"]
[WhiteElo "2123"]
[BlackElo "2085"]
[PlyCount "37"]
[EventDate "2003.11.17"]
[EventType "tourn"]
[EventRounds "9"]
[EventCountry "POR"]
[SourceTitle "CBM 097 Extra"]
[Source "ChessBase"]
[SourceDate "2004.01.13"]
[SourceVersion "1"]
[SourceVersionDate "2004.01.13"]
[SourceQuality "1"]

1. d4 Nf6 2. c4 g6 3. Nc3 d5 4. cxd5 Nxd5 5. e4 Nxc3 6. bxc3 Bg7 7. Bc4 c5 8. Ne2 0-0 9. 0-0 Nc6 10. dxc5 Qa5 11. Be3 Ne5 12. Bb3 Ng4 13. Qc1 Bd7 14. Rd1 Rfd8 15. Bg5 Qxc5 16. Qf4 Ne5 17. Rd5 Qa3 18. Rxe5 Bxe5 19. Bxf7+ 1-0

[Event "Lisbon Benfica"]
[Site "Lisbon"]
[Date "2003.11.18"]
[Round "2"]
[White "Francisco, Luis"]
[Black "Ferents, Andrey"]
[Result "1/2-1/2"]
[WhiteElo "2036"]
[BlackElo "2123"]
[PlyCount "140"]
[EventDate "2003.11.17"]
[EventType "tourn"]
[EventRounds "9"]
[EventCountry "POR"]
[SourceTitle "CBM 097 Extra"]
[Source "ChessBase"]
[SourceDate "2004.01.13"]
[SourceVersion "1"]
[SourceVersionDate "2004.01.13"]
[SourceQuality "1"]

1. e4 c5 2. Nf3 e6 3. d3 Nc6 4. g3 g6 5. Bg2 Bg7 6. 0-0 Nge7 7. c3 0-0 8. Be3 b6 9. Qd2 d5 10. Bh6 dxe4 11. dxe4 Qxd2 12. Bxd2 Ba6 13. Re1 Rad8 14. Bf4 Rd7 15. Nbd2 Rfd8 16. h4 Na5 17. e5 h6 18. g4 Nd5 19. Bg3 f5 20. exf6 Nxf6 21. g5 hxg5 22. hxg5 Nh5 23. Bh2 Rxd2 24. Nxd2 Rxd2 25. Rxe6 Kf7 26. Rae1 Bf8 27. Bf3 Bc8 28. R6e5 Bb7 29. Bxh5 gxh5 30. Rf5+ Kg8 31. Bf4 Rd8 32. g6 h4 33. Rh5 Bg7 34. Rxh4 Bf6 35. Rh7 Bc6 36. Rf7 Bg7 37. Ree7 Bf8 38. Rc7 Rd1+ 39. Kh2 Rh1+ 40. Kg3 Rg1+ 41. Kh3 Rxg6 42. Rh7 Bg7 43. Rh4 Bd5 44. Rc8+ Kf7 45. Rc7+ Ke6 46. Rh7 Bf6 47. Rxa7 Rg1 48. Rh6 Be4 49. b4 Nc6 50. Ra6 Rh1+ 51. Kg3 Rxh6 52. Bxh6 Bxc3 53. b5 Nd4 54. Rxb6+ Kd5 55. a4 Ba5 56. Ra6 Bc7+ 57. Kg4 Bf5+ 58. Kh5 Bc8 59. Ra7 Bd6 60. b6 Kc6 61. a5 c4 62. Be3 Nb5 63. a6 Nxa7 64. bxa7 Bb7 65. axb7 Kxb7 66. Kg4 c3 67. Kf5 Ba3 68. Ke6 c2 69. f4 c1Q 70. Bxc1 Bxc1 1/2-1/2

[Event "Lisbon Benfica"]
[Site "Lisbon"]
[Date "2003.11.17"]
[Round "1"]
[White "Lopes, Carlos Correia"]
[Black "Ferents, Andrey"]
[Result "0-1"]
[WhiteElo "2017"]
[BlackElo "2123"]
[PlyCount "62"]
[EventDate "2003.11.17"]
[EventType "tourn"]
[EventRounds "9"]
[EventCountry "POR"]
[SourceTitle "CBM 097 Extra"]
[Source "ChessBase"]
[SourceDate "2004.01.13"]
[SourceVersion "1"]
[SourceVersionDate "2004.01.13"]
[SourceQuality "1"]

1. d4 d5 2. c4 e6 3. Nf3 Nf6 4. Bg5 c6 5. e3 Qa5+ 6. Nc3 Ne4 7. Qc2 Bb4 8. Rc1 Qxa2 9. Bd3 Bxc3+ 10. bxc3 Qxc2 11. Rxc2 Nxg5 12. Nxg5 h6 13. Nf3 dxc4 14. Bxc4 b5 15. Bd3 Nd7 16. c4 b4 17. c5 a5 18. Rb2 0-0 19. Nd2 Ba6 20. Bxa6 Rxa6 21. Nc4 Rb8 22. Ke2 a4 23. Rhb1 b3 24. Ra1 e5 25. Ra3 exd4 26. exd4 Rb4 27. Kd3 Nf6 28. Nd2 Nd5 29. Rbxb3 Rxb3+ 30. Nxb3 axb3 31. Rxb3 f5 0-1

[Event "Batalha dos Mestres 4th"]
[Site "Lisbon"]
[Date "2003.??.??"]
[Round "11"]
[White "Dias, Paulo Jorge Guimara"]
[Black "Ferents, Andrey"]
[Result "0-1"]
[WhiteElo "2330"]
[BlackElo "2120"]
[PlyCount "154"]
[EventDate "2003.??.??"]
[EventType "tourn"]
[EventRounds "11"]
[EventCountry "POR"]
[EventCategory "1"]
[SourceTitle "EXT 2007"]
[Source "ChessBase"]
[SourceDate "2006.11.23"]
[SourceVersion "1"]
[SourceVersionDate "2006.11.23"]
[SourceQuality "1"]

1. d4 d5 2. c4 e6 3. Nc3 Nf6 4. Nf3 Be7 5. Bf4 0-0 6. e3 c6 7. c5 Re8 8. Bd3 Nbd7 9. 0-0 Nf8 10. b4 Nh5 11. Ne5 Nxf4 12. exf4 Qc7 13. g3 g6 14. Qa4 f6 15. Nf3 Nd7 16. Rfe1 b5 17. Qc2 a5 18. Bxg6 hxg6 19. Qxg6+ Kf8 20. Nh4 Bd8 21. Qh7 Ne5 22. Qh8+ Kf7 23. Qh5+ Kg7 24. fxe5 Qf7 25. Qg4+ Kh7 26. Nf3 Rg8 27. Qh3+ Kg6 28. bxa5 f5 29. Ne2 Rxa5 30. Nf4+ Kg7 31. Qh5 Ra4 32. Qxf7+ Kxf7 33. Re3 Ba5 34. h4 Bd8 35. a3 Rg4 36. Kg2 Be7 37. Rd1 Kg8 38. Nh2 Rg7 39. Kh3 Bd8 40. f3 Rh7 41. Ng2 Bg5 42. Rb3 Bd8 43. g4 Rc4 44. h5 Bg5 45. f4 fxg4+ 46. Kxg4 Rc2 47. Rg3 Bd8 48. Nf3 Rc3 49. Ng5 Rxg3+ 50. Kxg3 Rxh5 51. Nf3 Rh7 52. Rd3 Rg7+ 53. Kf2 Bd7 54. Nd2 Kf8 55. Rg3 Rh7 56. Rb3 Be8 57. Rg3 Bd7 58. Nf3 Rh1 59. Ng1 Rh7 60. Nh3 Ba5 61. Ng5 Rh1 62. Ne3 Be1+ 63. Kg2 Bxg3 64. Kxg3 Ra1 65. f5 Rxa3 66. Kf4 exf5 67. e6 Bxe6 68. Nxe6+ Ke7 69. Ng7 b4 70. Ngxf5+ Kd7 71. Nd1 Rd3 72. Nb2 Rd2 73. Na4 Ra2 74. Nb6+ Kc7 75. Ke3 b3 76. Kd3 Rf2 77. Kc3 b2 0-1

[Event "POR-ch Apuramento"]
[Site "Portugal"]
[Date "2003.??.??"]
[Round "5"]
[White "Ferents, Andrey"]
[Black "Santos, Jose Alves"]
[Result "1-0"]
[WhiteElo "2175"]
[BlackElo "2200"]
[PlyCount "91"]
[EventDate "2003.??.??"]
[EventType "swiss"]
[EventRounds "9"]
[EventCountry "POR"]
[SourceTitle "EXT 2007"]
[Source "ChessBase"]
[SourceDate "2006.11.23"]
[SourceVersion "1"]
[SourceVersionDate "2006.11.23"]
[SourceQuality "1"]

1. d4 d5 2. Nf3 e6 3. c4 c6 4. cxd5 exd5 5. Nc3 f5 6. Bf4 Nf6 7. h4 Nbd7 8. a3 Be7 9. g3 Ne4 10. Bh3 Ndf6 11. e3 Nxc3 12. bxc3 Qa5 13. 0-0 0-0 14. Qc2 Ne4 15. c4 Be6 16. c5 Rae8 17. Rfb1 Bc8 18. Rb4 Qd8 19. Ne5 g5 20. hxg5 Bxg5 21. Kf1 Qf6 22. Ke2 Bxf4 23. exf4 Qh6 24. Rh1 Qh5+ 25. Ke3 Re7 26. Bg2 Qe8 27. Qa4 a6 28. Qd1 Qd8 29. Bf3 Rxe5 30. dxe5 Nxc5 31. Be2 Qa5 32. Qc1 Ne6 33. Qb2 c5 34. Rb6 c4 35. Kf3 Qc5 36. Kg2 Nd4 37. Bf3 Nxf3 38. Kxf3 d4 39. Rd6 b5 40. Kg2 d3 41. Rc1 Bb7+ 42. Kg1 Rc8 43. Qc3 Qc7 44. Qd4 Qe7 45. e6 c3 46. Qxd3 1-0

[Event "POR-ch Apuramento"]
[Site "Portugal"]
[Date "2003.??.??"]
[Round "7"]
[White "Guerra, Vitor Manuel Vestia"]
[Black "Ferents, Andrey"]
[Result "1-0"]
[WhiteElo "2190"]
[BlackElo "2175"]
[PlyCount "107"]
[EventDate "2003.??.??"]
[EventType "swiss"]
[EventRounds "9"]
[EventCountry "POR"]
[SourceTitle "EXT 2007"]
[Source "ChessBase"]
[SourceDate "2006.11.23"]
[SourceVersion "1"]
[SourceVersionDate "2006.11.23"]
[SourceQuality "1"]

1. d4 Nf6 2. c4 e6 3. Nf3 b6 4. g3 Bb7 5. Bg2 c5 6. 0-0 cxd4 7. Nxd4 Bxg2 8. Kxg2 d5 9. Qa4+ Qd7 10. Qxd7+ Nbxd7 11. Nb5 Kd8 12. cxd5 Nxd5 13. N1c3 Nxc3 14. Nxc3 Bb4 15. Bd2 Nf6 16. Rfd1 Ke7 17. a3 Bxc3 18. Bxc3 Rhd8 19. Kf3 g6 20. e4 Rac8 21. Rac1 Rxd1 22. Rxd1 Nd7 23. Rd2 Rc4 24. Ke3 Nc5 25. f3 Nb3 26. Rd1 a5 27. g4 f6 28. h4 h6 29. Rg1 b5 30. g5 hxg5 31. hxg5 fxg5 32. Rxg5 b4 33. axb4 axb4 34. Be1 Kf6 35. Rb5 Nd4 36. Bh4+ g5 37. Rxg5 e5 38. Rh5+ Ke6 39. Rh6+ Kd7 40. Rh7+ Ke6 41. f4 Rc2 42. Re7+ Kd6 43. fxe5+ Kc5 44. Rc7+ Nc6 45. e6 Rg2 46. Rc8 Kd6 47. e7 Nxe7 48. Rd8+ Kc7 49. Bxe7 Rg7 50. Bf6 Rf7 51. e5 Rxf6 52. exf6 Kxd8 53. Kd4 b3 54. Ke5 1-0